Responses for Show #338 - Wednesday, December 25, 1985

Contestants

[<< previous game]

Rafael Bernardino, an attorney from La Mirada, California

Donna Marie Wright, an editor from Santa Monica, California

Pamela Norris, a writer from Sandy Springs, Georgia (whose 1-day cash winnings total $7,600)

[next game >>]

Jeopardy! Round responses

PRESIDENTIAL TRIVIA
NURSERY RHYMES
WORMS
STARTS WITH "C"
FLAGS
ADVERTISING SLOGANS
    $100 3
(Rafael: Who was Abraham Lincoln?)

George Washington

PamelaRafael
    $100 1
"Jack and Jill"

Pamela
    $100 8
leeches

Pamela
    $100 14
coronation

Pamela
    $100 17
Mexico

Donna
    $100 21
Tony the Tiger

Donna
    $200 4
Harry Truman

Pamela
    $200 2
a little lamb

Rafael
    $200 9
earthworms

Pamela
    $200 15
copyright

Rafael
    $200 18
(Rafael: What is an event of national distress?)
(Alex: Ok, it's an international distress signal.)

any kind of distress

Rafael
    $200 22
Lee Iacocca

Pamela
    $300 5
Annie

Pamela
    $300 11
bat

Pamela
    $300 10
"The Glow-Worm"

Pamela
    $300 16
circulation

Donna
    $300 26
the Koran

Pamela
    $300 23
Philip Morris

Rafael
    $400 6
Abraham Lincoln

Triple Stumper
    $400 12
shoe

Pamela
    $400 29
[end-of-round signal sounds]
(Alex: The worms crawl in & crawl out!)

pinochle

Pamela
    $400 19
canteen

Pamela
    $400 27
his hat

Pamela
    $400 24
Py-co-pay

Triple Stumper
    $500 7
(Donna: Who was Grover Cleveland?)

Theodore Roosevelt

DonnaRafael
    $500 13
on a summer's day

Pamela
    $500 20
capsule

Pamela
    $500 28
semaphore

Pamela
    $500 25
(Alex: We've got less than a minute to go in the round.)

Charlie

Triple Stumper

Scores at the first commercial break (after clue 10):

Pamela Donna Rafael
$1,300 -$500 $600

Scores at the end of the Jeopardy! Round:

Pamela Donna Rafael
$5,300 $0 $1,300

Double Jeopardy! Round responses

1978
(Alex: Was a good year!)
MYTHS & LEGENDS
THE OSCARS
SHAKESPEARE
THIRD WORLD CITIES
ANIMAL ROCK
    $200 3
Diane Keaton

Pamela
    $200 8
elves

Rafael
    $200 21
Glenda Jackson

Pamela
    $200 1
[Pamela's response was "What is 'A Midsummer's Night Dream?'", but she was not penalized for it.]

"A Midsummer Night's Dream"

Pamela
    $200 26
(Pamela: What is Stanley?)
(Alex: We've got less than a minute to go in the round.)

Stanleyville

Pamela
Triple Stumper
    $200 13
John Cougar

Rafael
    $400 4
(Alex: I heard someone in the audience say 16c, but if they were playing our game, they would be wrong!)

15 cents

Triple Stumper
    $400 9
the Round Table

Donna
    $400 22
Francis Ford Coppola

Rafael
    $400 2
England

Rafael
    $400 27
Valparaiso

Triple Stumper
    $400 14
The Byrds

Rafael
    $600 5
Begin & Sadat

Pamela
    $600 10
Zeus

Donna
    $600 23
Greer Garson

Donna
    $600 18
on his sleeve

Pamela
    $600 28
Mandalay

Pamela
    $600 15
The Stone Poneys

Rafael
    $800 6
the Shroud of Turin

Pamela
    $800 11
Sleepy Hollow

Rafael
    $800 24
(Rafael: Who was Bing Crosby?)

Barry Fitzgerald

DonnaRafael
    $1,500 19
(Pamela: Who was Julius Caesar?)

Brutus

Pamela
    $1,000 29
[end-of-round signal sounds]

Balboa (or Colon)

Pamela
    $800 16
Cat Stevens

Pamela
    $1000 7
(Donna: What is an arrow?)

umbrella

DonnaRafael
    $1000 12
Quetzalcoatl

Triple Stumper
    $1000 25
sword

Triple Stumper
    $1000 20
Hamlet's father (the ghost)

Pamela
    $1000 17
Country Joe and the Fish

Triple Stumper

Scores at the end of the Double Jeopardy! Round:

Pamela Donna Rafael
$9,600 $1,400 $4,500
(lock game)

[wagering suggestions for these scores]

Final Jeopardy! Round responses

GOVERNMENTS
DonnaWhat is the United States?
$1,200
RafaelWhat is the U.S. ?
$4,499
PamelaWhat is Switzerland?
$400
The United States

Final scores:

Pamela Donna Rafael
$9,200 $2,600 $8,999
2-day champion: $16,800 3rd place: Maytag washer & dryer 2nd place: Merillat shelving system & Olympia electric typewriter

Game dynamics:

Coryat scores:

Pamela Donna Rafael
$10,900 $1,400 $4,500
28 R
(including 2 DDs),
2 W
(including 1 DD)
7 R,
2 W
13 R,
2 W

Combined Coryat: $16,800

[game] [game scores] [suggest correction]

Game tape date: 1985-09-03
The J! Archive is created by fans, for fans. Scraping, republication, monetization, and malicious use prohibited; this site may use cookies and collect identifying information. See terms. The Jeopardy! game show and all elements thereof, including but not limited to copyright and trademark thereto, are the property of Jeopardy Productions, Inc. and are protected under law. This website is not affiliated with, sponsored by, or operated by Jeopardy Productions, Inc. Join the discussion at JBoard.tv.